00349 2200157 4500001002100000005001500021008004100036035001900077041000700096082001000103090001600113100001300129245000900142260001400151300002600165INLIS00000000002950020241224132749241224||||||||| | ||| |||| || |  0010-1224029500 aid0 a141.5 a141.5 MON k0 aMonique.00aKOTA bBuah Hati a23 hlm,;21 cm x 28 cm